000 00947nam0a2200301 4500
001 RU\NLR\bibl\45120
005 20250616082036.0
010 _a5-05-004697-1
_965000
021 _aRU
_b98-23391п
_9759п
035 _a(NLR Aleph) 000044007
090 _a232078
_c232078
100 _a19990826d1998 |||y0rusy50 ca
101 1 _arus
_ceng
102 _aRU
105 _ay |||||||||
200 1 _aОдна безумная ночь
_eРоман
_fСара Крейвен
_gПер. с англ. [М. Ковровой]
210 _aМ.
_cРадуга
_d1998
215 _a188 с.
_d17
225 1 _aЛюбовный роман
_v227
686 _aШ6(7США)67-440.4
700 1 _4070
_7ca
_8rus
_aКрейвен
_bС.
_f1938-2017
_gСара
_9194025
_3RU\NLR\AUTH\770194076
801 0 _aRU
_bNLR
_c19990826
_gPSBO
801 1 _aRU
_bNLR
_c19990826
852 _aNLR
_j99-2/1694
942 _cBOOK
980 _aNB